Countries in More Than One Time Zone - Statistics

General Stats
  • This quiz has been taken 65 times
    15 since last reset
  • The average score is 11 of 15
Answer Stats
# Country % Correct
3 Brazil
100%
6 Canada
100%
2 Mexico
100%
11 Russia
100%
6 United States
100%
3 Australia
92%
2 Dem. Rep. Congo
85%
5 France
77%
3 Indonesia
77%
2 FS Micronesia
46%
2 Kazakhstan
46%
3 Kiribati
46%
2 Chile
38%
2 Spain
38%
3 Greenland
23%
No matching quizzes found
Score Distribution
Percent of People with Each Score
Percentile by Number Answered
Your Score History
You have not taken this quiz since the last reset